书目信息 |
| 题名: |
陆战之王
|
|
| 作者: | 兰长羽 编著 | |
| 分册: | ||
| 出版信息: | 北京 国防大学出版社 1998.3 |
|
| 页数: | 264页 | |
| 开本: | 20cm | |
| 丛书名: | 现代兵种与战争丛书 | |
| 单 册: | ||
| 中图分类: | E15-51 | |
| 科图分类: | ||
| 主题词: | 武装力量--世界 , 军种--世界 , 兵种--世界 | |
| 电子资源: | ||
| ISBN: | 7-5626-0787-7 | |
| 000 | 00713nam2 2200253 45 | |
| 001 | 0002221486 | |
| 005 | 20061101090234.03 | |
| 010 | @a7-5626-0787-7@dCNY14.00 | |
| 100 | @a20000222d1998 km y0chiy0120 ea | |
| 101 | @achi | |
| 105 | @a z 000yy | |
| 200 | 1 | @a陆战之王@ALu Zhan Zhi Wang@e装甲兵@EZhuang Jia Bing@f兰长羽等编著 |
| 210 | @a北京@c国防大学出版社@d1998.3 | |
| 215 | @a264页@d20cm | |
| 225 | @a现代兵种与战争丛书 | |
| 410 | @12001 @a现代兵种与战争丛书 | |
| 517 | @a装甲兵@AZhuang Jia Bing | |
| 606 | 0 | @a武装力量@y世界 |
| 606 | 0 | @a军种@y世界 |
| 606 | 0 | @a兵种@y世界 |
| 690 | @aE15-51@v1 | |
| 701 | @a兰长羽@4编著 | |
| 801 | @aCN@bTSTC@c20061101 | |
| 905 | @f5@b285075-079@dE15-51@e18:1 | |
| 陆战之王:装甲兵/兰长羽等编著.-北京:国防大学出版社,1998.3 |
| 264页;20cm.-(现代兵种与战争丛书) |
| ISBN 7-5626-0787-7:CNY14.00 |
| ● |
| 相关链接 |
|
|
|
|
正题名:陆战之王
索取号:E15-51/18:1
 
预约/预借
| 序号 | 登录号 | 条形码 | 馆藏地/架位号 | 状态 | 备注 |
| 1 | 0285075 | 002850757 | 第一借阅区/ [索取号:E15-51/18:1] | 在馆 | |
| 2 | 0285076 | 002850766 | 密集书库/ [索取号:E15-51/18:1] | 在馆 | |
| 3 | 0285077 | 002850775 | 密集书库/ [索取号:E15-51/18:1] | 在馆 | |
| 4 | 0285078 | 002850784 | 第一借阅区/ [索取号:E15-51/18:1] | 在馆 | |
| 5 | 0285079 | 002850793 | 第一样本阅览室/ [索取号:E15-51/18:1] | 在馆 |